000
00326nam a22001337a 4500
008
171016b xxu||||| |||| 00| 0 eng d
020
_a
9780072987171
041
_a
eng
080
_2
12TH
_a
331.101.262
100
_a
52
101
_a
BNJ
245
_a
ORGANIZATIONS BEHAVIOR STRUCTURE PROCESSES
_c
GIBSON,J.L
942
_2
udc
_c
BK
999
_c
34233
_d
34233